| 000 -LEADER |
| fixed length control field |
00324nam a2200145Ia 4500 |
| 008 - FIXED-LENGTH DATA ELEMENTS--GENERAL INFORMATION |
| fixed length control field |
200615s9999||||xx |||||||||||||| ||und|| |
| 020 ## - INTERNATIONAL STANDARD BOOK NUMBER |
| International Standard Book Number |
9788180544019 |
| 082 ## - DEWEY DECIMAL CLASSIFICATION NUMBER |
| Classification number |
650 |
| Item number |
OPE-K |
| 100 ## - MAIN ENTRY--PERSONAL NAME |
| Personal name |
KAPOOR,VK |
| 245 #0 - TITLE STATEMENT |
| Title |
OPERATION RESEARCH |
| 250 ## - EDITION STATEMENT |
| Edition statement |
1ST |
| 260 ## - PUBLICATION, DISTRIBUTION, ETC. |
| Place of publication, distribution, etc. |
New Delhi |
| Name of publisher, distributor, etc. |
S.CHAND |
| Date of publication, distribution, etc. |
2018 |
| 300 ## - PHYSICAL DESCRIPTION |
| Extent |
0 |
| 942 ## - ADDED ENTRY ELEMENTS (KOHA) |
| Koha item type |
Book |